000 00995cab a2200265 4500
001 ABS47995
008 090401t1993 xxu||||| |||| 00| 0 eng d
035 _a(Sirsi) u64350
041 _aeng
245 _aMaking property move
260 _c1993
350 _a0
490 _aEconomist
_v326(7799) 20 February 1993, 97-98(2)
520 _aAlthough prices of commercial property may soon stabilise there is little expectation of a rise in values. Examines new and revived ideas for introducing greater liquidity into the market: trading in derivatives; property swapping; securitising commercial mortgages as well as property owned outright.
650 _aINSTITUTIONAL INVESTMENT
650 _aLIQUIDITY
650 _aPROPERTY FUTURES
650 _aPROPERTY MARKET
650 _aREITS
650 _aSECURITISATION
690 _aPROPERTY-COMMERCIAL PROPERTY-COMMERCIAL PROPERTY FINANCE AND INVESTMENT
690 _aFINANCE AND INVESTMENT
942 _n0
948 _c04/03/1997
999 _c40075
_d40075